| 000 | 00779nam a22002777a 4500 | ||
|---|---|---|---|
| 008 | 130610b xxu||||| |||| 00| 0 eng d | ||
| 020 | _a81-7473-379-5 | ||
| 024 | _cAvailable | ||
| 037 | _cAvailable | ||
| 040 |
_aMBSTU LIBRARY _dMBSTU LIBRARY |
||
| 082 |
_222 _a641.18 VIT |
||
| 110 | _aWHO, FAO AND AITBS. | ||
| 245 | _aVitamin and mineral requirements in human nutrition. | ||
| 250 | _a2nd | ||
| 260 |
_aGenova _bWorld Health Organization. _c2004 |
||
| 300 |
_a24 cm. _bxix, 341 page _f10 _g24 cm. |
||
| 600 | _2Vitamins. | ||
| 610 | _2Minerals. | ||
| 650 | _2Vitamins. | ||
| 700 | _aMahindru, S.N. | ||
| 710 | _aWHO, FAO AND AITBS. | ||
| 270 |
_aGenova _bGenova _dUSA |
||
| 365 |
_b714.00 _d714.00 |
||
| 942 |
_2ddc _cBK |
||
| 999 |
_c443 _d443 |
||